Chemistry of 1,2,3-triazines and 1,2,4-triazines, tetrazines, and pentazines /

Bibliographic Details
Main Author: Neunhoeffer, Hans, 1936-
Other Authors: Wiley, Paul F. (Paul Fears), 1916-1987
Format: Book
Language:English
Published: New York : Wiley, [1978]
Series:Chemistry of heterocyclic compounds ; v. 33.
Subjects:

MARC

Tag First Indicator Second Indicator Subfields
LEADER 00000cam a22000008i 4500
001 in00000305437
005 20151010150751.0
008 771216s1978 nyua b 00110 eng
010 |a  77018932  
020 |a 0471031291 
035 |a (OCoLC)03543335 
035 |9 ABH8879AM 
040 |a DLC  |c DLC  |d TMC  |d TXA  |d UtOrBLW 
049 |a TXAM  |c [976928] 
050 0 0 |a QD401  |b .N62 
082 0 |a 547/.593 
096 |a QD 400 C517 v.33 1978 
100 1 |a Neunhoeffer, Hans,  |d 1936- 
245 1 0 |a Chemistry of 1,2,3-triazines and 1,2,4-triazines, tetrazines, and pentazines /  |c Hans Neunhoeffer, Paul F. Wiley. 
264 1 |a New York :  |b Wiley,  |c [1978] 
264 4 |c ©1978 
300 |a xxv, 1135 pages :  |b illustrations ;  |c 24 cm. 
336 |a text  |b txt  |2 rdacontent 
337 |a unmediated  |b n  |2 rdamedia 
338 |a volume  |b nc  |2 rdacarrier 
490 1 |a The Chemistry of heterocyclic compounds ;  |v v. 33 
500 |a "An Interscience publication." 
504 |a Includes bibliographies and index. 
650 0 |a Triazines. 
650 0 |a Tetrazine. 
650 0 |a Pentazine. 
650 2 |a Heterocyclic Compounds. 
650 2 |a Triazines. 
700 1 |a Wiley, Paul F.  |q (Paul Fears),  |d 1916-1987. 
830 0 |a Chemistry of heterocyclic compounds ;  |v v. 33. 
999 |a MARS 
999 f f |s f7b20467-1730-3883-a400-e8e770a09d39  |i 38bc2c9d-990a-3704-a275-787a7ed07b62  |t 0 
952 f f |p ric  |a Texas A&M University  |b Rellis Campus  |c Joint Library Facility  |d Remote Storage  |t 0  |e QD401 .N62  |h Library of Congress classification  |i unmediated -- volume  |m A14804703291 
998 f f |a QD401 .N62  |t 0  |l Remote Storage